000 00844nac a22003010a 4500
001 PT47143
003 AR-LpoUNG
005 20210201005446.0
008 201001s2012||||ag |||||||||||||||||spa d
020 _a9789505471553
_c$13
040 _aAR-LpoUNG
_bspa
_eaacr
041 _aspa
044 _aag
082 0 _a808.068 3 651ret
100 1 _aTolkien, John Ronald Reuen
245 1 3 _aEl retorno del rey
250 _a1ra. ed.
260 _aBuenos Aires :
_bMinotauro,
_c2012.
300 _a606 p. :
_bgráfs., tbls., mapa
_a(3
_fVolúmenes)
_3Impreso
490 0 _aEl señor de los anillos
505 0 _aSugerido a partir de 14 años (etiqueta VERDE)
650 4 _aLITERATURA
650 4 _aNOVELAS
651 4 _aDOCUMENTOS TEORICOS O METODOLOGICOS
653 _aLITERATURA INFANTOJUVENIL
905 _a47143
942 _cLIB
999 _c49669
_d49669